Around the world in a hundred years : (Record no. 867)

MARC details
000 -LEADER
fixed length control field 01112nam a22003017a 4500
005 - DATE AND TIME OF LATEST TRANSACTION
control field 20231211150952.0
020 ## - INTERNATIONAL STANDARD BOOK NUMBER
International Standard Book Number 0399225277 :
Terms of availability $17.95 ($23.50 CAN)
040 ## - CATALOGING SOURCE
Original cataloging agency DLC
Transcribing agency DLC
Modifying agency DLC
Language of cataloging eng
050 00 - LIBRARY OF CONGRESS CALL NUMBER
Classification number G175
Item number .F75 1994
082 00 - DEWEY DECIMAL CLASSIFICATION NUMBER
Classification number 910.922
Edition number 20
100 1# - MAIN ENTRY--PERSONAL NAME
Personal name Fritz, Jean.
245 10 - TITLE STATEMENT
Title Around the world in a hundred years :
Remainder of title from Henry the Navigator to Magellan /
Statement of responsibility, etc. Jean Fritz ; illustrated by Anthony Bacon Venti.
250 ## - EDITION STATEMENT
Edition statement First Scholastic printing, October, 1994.
260 ## - PUBLICATION, DISTRIBUTION, ETC.
Place of publication, distribution, etc. New York :
Name of publisher, distributor, etc. Scholastic,
Date of publication, distribution, etc. 1994.
300 ## - PHYSICAL DESCRIPTION
Extent 128 pages :
Other physical details illustrations, maps ;
Dimensions 23 cm.
505 ## - FORMATTED CONTENTS NOTE
Formatted contents note Z'<br/>
520 ## - SUMMARY, ETC.
Summary, etc. Examines the great wave of European exploration during the fifteenth century which resulted in more accurate maps.
521 ## - TARGET AUDIENCE NOTE
Target audience note 1050
Source Lexile <br/>
521 ## - TARGET AUDIENCE NOTE
Target audience note Z'<br/>
Source Raz-Plus
650 #0 - SUBJECT ADDED ENTRY--TOPICAL TERM
Topical term or geographic name entry element Explorers
General subdivision Juvenile literature.
650 #0 - SUBJECT ADDED ENTRY--TOPICAL TERM
Topical term or geographic name entry element Discoveries in geography
General subdivision Juvenile literature.
650 #1 - SUBJECT ADDED ENTRY--TOPICAL TERM
Topical term or geographic name entry element Explorers.
650 #1 - SUBJECT ADDED ENTRY--TOPICAL TERM
Topical term or geographic name entry element Discoveries in geography.
700 1# - ADDED ENTRY--PERSONAL NAME
Personal name Venti, Anthony Bacon,
Relator term illustrator.
906 ## - LOCAL DATA ELEMENT F, LDF (RLIN)
a 7
b cbc
c orignew
d 1
e ocip
f 19
g y-gencatlg
942 ## - ADDED ENTRY ELEMENTS (KOHA)
Source of classification or shelving scheme Dewey Decimal Classification
Koha item type Books
Suppress in OPAC No
999 ## -
-- 867
-- 867
Holdings
Withdrawn status Lost status Source of classification or shelving scheme Damaged status Not for loan Collection Home library Current library Shelving location Date acquired Total Checkouts Full call number Barcode Date last seen Price effective from Koha item type
    Dewey Decimal Classification     Non-Fiction Footprints International School Library Network Toul Kork Campus Footprints International School Library Network Toul Kork Campus   07/12/2023   FRI 910.922 G175.F75 FISTK00053 07/12/2023 07/12/2023 Books